Nonstandard analysis in practice
Αποθηκεύτηκε σε:
| Άλλοι συγγραφείς: | , |
|---|---|
| Μορφή: | Βιβλίο |
| Γλώσσα: | English |
| Δημοσίευση: |
Berlin ; New York :
Springer,
c1995.
|
| Σειρά: | Universitext
|
| Θέματα: | |
| Ετικέτες: |
Προσθήκη ετικέτας
Δεν υπάρχουν, Καταχωρήστε ετικέτα πρώτοι!
|
MARC
| LEADER | 00000cam a2200000 i 4500 | ||
|---|---|---|---|
| 001 | 1/61067 | ||
| 008 | 071030s1995 gw ||| d eng|| | ||
| 020 | |a 3540602976 | ||
| 035 | |l 10091950 | ||
| 040 | |a GR-MyUA |b gre |e AACR2 | ||
| 041 | 0 | |a eng | |
| 082 | 0 | |a 511.3 |2 (22) | |
| 245 | 1 | 0 | |a Nonstandard analysis in practice / |c Francine Diener, Marc Diener, editors. |
| 260 | |a Berlin ; |a New York : |b Springer, |c c1995. | ||
| 300 | |a xiv, 250 σ. : |b εικ. ; |c 24 εκ. | ||
| 490 | 1 | |a (Universitext) | |
| 504 | |a Περιέχει βιβλιογραφικές αναφορές και ευρετήριο. | ||
| 650 | 0 | 0 | |a Nonstandard mathematical analysis. |
| 700 | 1 | |a Diener, Francine, |e edt | |
| 700 | 1 | |a Diener, M. |q (Marc) |e edt | |
| 830 | 0 | |a Universitext | |
| 852 | |a INST |b SAMOS |e 20071030 |h 511.3 NON |p 005300027994 |q 005300027994 |t BK |y 0 | ||
| 901 | |a BIBL3-2007-3 | ||
| 909 | |a Σ |b 139211 | ||
| 922 | |a 3ΕΛΗ |b 200709 |c ΕΠΕΑΕΚ2/ΤΜΗΜΑ ΜΑΘΗΜΑΤΙΚΩΝ |d ΠΑΠΑΣΩΤΗΡΙΟΥ | ||
| 970 | |a ΓΟΥΒΑΛΑ |b ΒΑΣΩ |z 2007/10/30 | ||